Slay the Spire - All Silent Cards - Statistics

General Stats
  • This quiz has been taken 143 times
  • The average score is 37 of 75
Answer Stats
Rarity Type Answer % Correct
Common (Starter) Skill Defend
99%
Common (Starter) Attack Strike
98%
Common Skill Blade Dance
84%
Common (Starter) Skill Survivor
82%
Rare Power Wraith Form
79%
Uncommon Power Accuracy
77%
Common Skill Cloak and Dagger
77%
Common Skill Acrobatics
76%
Common (Starter) Attack Neutralize
74%
Uncommon Skill Catalyst
73%
Uncommon Power Noxious Fumes
72%
Uncommon Power Footwork
71%
Common Attack Dagger Throw
67%
Common Skill Prepared
66%
Common Skill Backflip
63%
Rare Power After Image
62%
Uncommon Skill Leg Sweep
62%
Uncommon Skill Bouncing Flask
61%
Uncommon Power Infinite Blades
61%
Common Skill Deadly Poison
57%
Rare Skill Corpse Explosion
55%
Rare Power Tools of the Trade
55%
Rare Power A Thousand Cuts
54%
Rare Power Envenom
54%
Rare Attack Grand Finale
54%
Uncommon Skill Reflex
54%
Common Attack Dagger Spray
52%
Uncommon Skill Blur
51%
Rare Attack Glass Knife
51%
Common Attack Poisoned Stab
51%
Uncommon Skill Tactician
51%
Rare Skill Adrenaline
50%
Common Skill Dodge and Roll
50%
Rare Skill Nightmare
50%
Rare Skill Storm of Steel
50%
Rare Skill Alchemize
49%
Uncommon Skill Calculated Gamble
49%
Common Attack Slice
49%
Uncommon Attack Dash
48%
Rare Attack Die Die Die
48%
Uncommon Attack Backstab
46%
Uncommon Power Well-Laid Plans
44%
Uncommon Attack All-Out Attack
43%
Rare Skill Burst
43%
Uncommon Power Caltrops
41%
Uncommon Skill Crippling Cloud
41%
Uncommon Skill Terror
41%
Uncommon Skill Concentrate
40%
Common Skill Deflect
40%
Rare Skill Malaise
40%
Common Attack Quick Slash
39%
Common Attack Sneaky Strike
39%
Common Attack Sucker Punch
39%
Common Skill Outmaneuver
37%
Rare Attack Unload
37%
Uncommon Attack Eviscerate
35%
Common Skill Piercing Wail
35%
Rare Skill Bullet Time
34%
Uncommon Skill Expertise
34%
Uncommon Skill Escape Plan
33%
Uncommon Attack Skewer
33%
Common Attack Bane
30%
Uncommon Attack Finisher
30%
Common Attack Flying Knee
30%
Uncommon Attack Heel Hook
29%
Uncommon Attack Masterful Stab
29%
Uncommon Attack Predator
29%
Uncommon Attack Riddle with Holes
29%
Rare Skill Doppelganger
27%
Rare Skill Phantasmal Killer
27%
Uncommon Skill Setup
27%
Uncommon Attack Flechettes
23%
Uncommon Attack Choke
20%
Uncommon Skill Distraction
20%
Uncommon Attack Endless Agony
20%
No matching quizzes found
Score Distribution
Percent of People with Each Score
Percentile by Number Answered
Your Score History
You have not taken this quiz